ORGANIC CHEMISTRY: NATURAL PRODUCTS (Record no. 9841)

MARC details
000 -LEADER
fixed length control field 00363nam a22001577a 4500
003 - CONTROL NUMBER IDENTIFIER
control field SGT
020 ## - INTERNATIONAL STANDARD BOOK NUMBER
International Standard Book Number 978812836891
082 ## - DEWEY DECIMAL CLASSIFICATION NUMBER
Classification number 547,AGR
100 ## - MAIN ENTRY--PERSONAL NAME
Personal name AGARWAL,O.P
245 ## - TITLE STATEMENT
Title ORGANIC CHEMISTRY: NATURAL PRODUCTS
250 ## - EDITION STATEMENT
Edition statement 1ST
260 ## - PUBLICATION, DISTRIBUTION, ETC. (IMPRINT)
Place of publication, distribution, etc NEW DELHI
Name of publisher, distributor, etc KRISHNA PRAKASHAN MEDIA
Year of Publication 2015
300 ## - PAGE DESCRIPTION
No. of Pages 556
650 ## - SUBJECT ADDED ENTRY--TOPICAL TERM
Topical term or geographic name as entry element ORGANIC CHEMISTRY
942 ## - ADDED ENTRY ELEMENTS (KOHA)
Source of classification or shelving scheme Dewey Decimal Classification
Koha item type FPS Books
942 ## - ADDED ENTRY ELEMENTS (KOHA)
-- 1
Holdings
Withdrawn status Lost status Source of classification or shelving scheme Damaged status Not for loan Collection code Home library Current library Shelving location Date acquired Vendor Name Cost, normal purchase price SGTU Bill Number Total Checkouts Full call number Accession No. (Barcode) Date last seen Date last borrowed Bill Date Koha item type
    Dewey Decimal Classification     SCIENCE SGT Science & Social Sciences Library SGT Science & Social Sciences Library Text Book 03/09/2016 AHUJA BOOK 425.00 SGTU 7161 5 547,AGR PS2330 30/06/2023 26/06/2023 16/08/2016 FPS Books
    Dewey Decimal Classification     SCIENCE SGT Science & Social Sciences Library SGT Science & Social Sciences Library Text Book 03/09/2016 AHUJA BOOK 425.00 SGTU 7161 12 547,AGR PS2331 23/10/2020 07/10/2020 16/08/2016 FPS Books
    Dewey Decimal Classification   Not For Loan SCIENCE SGT Science & Social Sciences Library SGT Science & Social Sciences Library Reference Book 03/09/2016 AHUJA BOOK 425.00 SGTU 7161   547,AGR PS2332 03/09/2016   16/08/2016 FPS Books